[Event "Berlin Lichtenberger op 18th"]
[Site "Berlin"]
[Date "2019.08.23"]
[Round "7"]
[White "Glienke, Michael"]
[Black "Bergmann, Jens"]
[Result "0-1"]
[WhiteElo "1754"]
[BlackElo "1829"]
[PlyCount "66"]
[EventDate "2019.08.17"]
[EventType "swiss"]
[EventRounds "9"]
[EventCountry "GER"]
[SourceTitle "EXT 2020"]
[Source "ChessBase"]
[SourceDate "2019.10.17"]
[SourceVersion "1"]
[SourceVersionDate "2019.10.17"]
[SourceQuality "1"]

1. d4 Nf6 2. Bf4 e6 3. Nf3 c5 4. e3 Nc6 5. Be2 d5 6. 0-0 Bd6 7. Bg5 Qb6 8. Bxf6 gxf6 9. b3 Bd7 10. c4 dxc4 11. Bxc4 cxd4 12. exd4 0-0-0 13. Nc3 Rhg8 14. Ne4 Be7 15. d5 exd5 16. Bxd5 Bf5 17. Qd3 Kb8 18. Qd2 Ka8 19. Rfe1 Be6 20. Qf4 Rxd5 21. Nxf6 Rf5 22. Qxf5 Rxg2+ 23. Kxg2 Bxf5 24. Nd5 Qd8 25. Nxe7 Nxe7 26. Rad1 Qg8+ 27. Kh1 Nc6 28. Re3 a6 29. Rde1 Ka7 30. Nd2 Qg4 31. Nc4 Be6 32. Rg3 Qd4 33. Ne3 Qd2 0-1

[Event "Berlin Lichtenberger op 18th"]
[Site "Berlin"]
[Date "2019.08.21"]
[Round "5"]
[White "Glienke, Michael"]
[Black "Kutschke, Jens"]
[Result "0-1"]
[WhiteElo "1754"]
[BlackElo "1953"]
[PlyCount "84"]
[EventDate "2019.08.17"]
[EventType "swiss"]
[EventRounds "9"]
[EventCountry "GER"]
[SourceTitle "EXT 2020"]
[Source "ChessBase"]
[SourceDate "2019.10.17"]
[SourceVersion "1"]
[SourceVersionDate "2019.10.17"]
[SourceQuality "1"]

1. d4 Nf6 2. Bf4 g6 3. Nf3 Bg7 4. c4 d5 5. e3 0-0 6. Nc3 c5 7. Be2 Nc6 8. dxc5 Qa5 9. 0-0 dxc4 10. Qa4 Qxc5 11. Qxc4 Qa5 12. Qb5 Nh5 13. Qxa5 Nxa5 14. Bc7 Nc6 15. Rac1 Bf5 16. Nh4 Be6 17. Bxh5 gxh5 18. a3 Rac8 19. Bf4 Na5 20. Bg5 Rfe8 21. Na4 h6 22. Rxc8 Bxc8 23. Bf4 e5 24. Bg3 b6 25. e4 Bd7 26. Nc3 Nc4 27. Rb1 Rc8 28. Nd5 Kf8 29. f3 Be6 30. Nc3 a6 31. Bf2 b5 32. g3 Bf6 33. Ng2 Nd2 34. Rd1 Nxf3+ 35. Kh1 Be7 36. Rd3 Ng5 37. h4 Nh7 38. Kg1 Nf6 39. Ne3 Ng4 40. Nf5 Bxf5 41. exf5 Kg7 42. Rd7 Bxa3 0-1

[Event "Berlin Lichtenberger op 18th"]
[Site "Berlin"]
[Date "2019.08.17"]
[Round "1"]
[White "Glienke, Michael"]
[Black "Krefenstein, Sergej"]
[Result "0-1"]
[WhiteElo "1754"]
[BlackElo "2125"]
[PlyCount "146"]
[EventDate "2019.08.17"]
[EventType "swiss"]
[EventRounds "9"]
[EventCountry "GER"]
[SourceTitle "EXT 2020"]
[Source "ChessBase"]
[SourceDate "2019.10.17"]
[SourceVersion "1"]
[SourceVersionDate "2019.10.17"]
[SourceQuality "1"]

1. d4 Nf6 2. Bf4 e6 3. c4 b6 4. Nf3 Bb7 5. e3 Be7 6. Be2 Nh5 7. Bg3 0-0 8. Nc3 d6 9. Qc2 Nd7 10. d5 g6 11. dxe6 fxe6 12. Nd4 Ng7 13. Bf3 Bxf3 14. Nxf3 e5 15. h3 Nf5 16. Bh2 Nc5 17. 0-0 a5 18. Rad1 Qe8 19. Nd5 Bd8 20. a3 a4 21. Nd2 Qf7 22. Ne4 Ne6 23. Ng3 Bh4 24. Ne4 Qg7 25. Qe2 Bd8 26. Ndc3 Qf7 27. Nb5 Ng5 28. Nxg5 Bxg5 29. Qd3 Bf6 30. Qd5 Ra5 31. Qc6 Bd8 32. e4 Ng7 33. Rd3 Qe8 34. Qxe8 Rxe8 35. f3 Ne6 36. Rfd1 Bg5 37. Kf1 Re7 38. Bg3 Nc5 39. Rc3 Kf7 40. Ke2 Ra8 41. Bf2 Ne6 42. g3 Rd7 43. Be3 h6 44. h4 Bxe3 45. Kxe3 Ke7 46. Rc2 c6 47. Nc3 Nd4 48. Rf2 h5 49. Ne2 Ne6 50. Nc3 Ra5 51. Rfd2 Nc5 52. f4 Nb3 53. Rd3 Nc5 54. R3d2 Ke6 55. Ne2 Nb3 56. Rd3 Nc5 57. R3d2 b5 58. f5+ gxf5 59. exf5+ Ke7 60. f6+ Ke6 61. f7 Ra8 62. cxb5 cxb5 63. Nc3 Rf8 64. Nxb5 Nb7 65. Rf1 Rfxf7 66. Rxf7 Rxf7 67. Rc2 Nc5 68. Rg2 Rb7 69. Nc3 d5 70. Nd1 d4+ 71. Ke2 Rg7 72. Kf3 e4+ 73. Kf4 Rg4# 0-1

[Event "Berlin-ch QT"]
[Site "Berlin"]
[Date "2019.04.23"]
[Round "4"]
[White "Hoppe, Frank"]
[Black "Glienke, Michael"]
[Result "1-0"]
[WhiteElo "2017"]
[BlackElo "1769"]
[PlyCount "85"]
[EventDate "2019.04.20"]
[EventType "swiss"]
[EventRounds "9"]
[EventCountry "GER"]
[SourceTitle "EXT 2020"]
[Source "ChessBase"]
[SourceDate "2019.10.17"]
[SourceVersion "1"]
[SourceVersionDate "2019.10.17"]
[SourceQuality "1"]

1. e4 c5 2. c3 g6 3. d4 b6 4. Nf3 Bg7 5. Bc4 cxd4 6. cxd4 e6 7. Nc3 Qc7 8. Qe2 Ne7 9. e5 0-0 10. 0-0 d5 11. Bd3 Nbc6 12. Nb5 Qd7 13. a3 a6 14. Nd6 Nf5 15. Nxf5 exf5 16. b4 f6 17. exf6 Bxf6 18. Bb2 Re8 19. Qd2 Bb7 20. Rfe1 Rxe1+ 21. Rxe1 Re8 22. Ne5 Qd6 23. f4 b5 24. Qf2 Kg7 25. h4 Qd8 26. g3 h5 27. Rc1 Na7 28. Qc2 Qc8 29. Qb1 Qe6 30. Re1 Qc8 31. Qd1 Nc6 32. Kh2 Nd8 33. Re2 Nf7 34. Rc2 Qd8 35. Bxf5 gxf5 36. Qxh5 Bxe5 37. dxe5 Re6 38. Qxf5 Qd7 39. Bd4 Bc8 40. Rc5 Nh6 41. Qg5+ Kh7 42. f5 Rb6 43. e6 1-0

[Event "Prague op-B 18th"]
[Site "Prague"]
[Date "2019.01.12"]
[Round "3"]
[White "Wilk, Igor"]
[Black "Glienke, Michael"]
[Result "1-0"]
[WhiteElo "1558"]
[BlackElo "1780"]
[PlyCount "75"]
[EventDate "2019.01.11"]
[EventType "swiss"]
[EventRounds "9"]
[EventCountry "CZE"]
[SourceTitle "CBM 188 Extra"]
[Source "ChessBase"]
[SourceDate "2019.02.26"]
[SourceVersion "1"]
[SourceVersionDate "2019.02.26"]
[SourceQuality "1"]

1. e4 c5 2. Nf3 Nc6 3. d4 cxd4 4. Nxd4 g6 5. c4 Bg7 6. Be3 d6 7. Nc3 Nf6 8. Be2 Bd7 9. 0-0 0-0 10. f3 a6 11. Qd2 Re8 12. Rac1 Qa5 13. b3 Rad8 14. Nxc6 Bxc6 15. Nd5 Qxd2 16. Bxd2 e6 17. Nxf6+ Bxf6 18. Bf4 Bd4+ 19. Kh1 d5 20. exd5 exd5 21. Bd3 Be3 22. Bxe3 Rxe3 23. Rcd1 dxc4 24. Bxc4 Rxd1 25. Rxd1 Kg7 26. Kg1 f5 27. Kf2 Rc3 28. Ke2 Rc2+ 29. Rd2 Rxd2+ 30. Kxd2 Kf6 31. Ke3 h6 32. Kd4 g5 33. Bd5 Bb5 34. Bxb7 Bf1 35. g3 a5 36. Kc5 Ke5 37. Kb6 Bg2 38. f4+ 1-0

[Event "GER-chT Betriebe 18th"]
[Site "Altenberg Zinnwald"]
[Date "2018.11.09"]
[Round "3.2"]
[White "Glienke, Michael"]
[Black "Lange, Ronald"]
[Result "0-1"]
[WhiteElo "1667"]
[BlackElo "1800"]
[PlyCount "96"]
[EventDate "2018.11.08"]
[EventType "team-swiss"]
[EventRounds "7"]
[EventCountry "GER"]
[SourceTitle "EXT 2020"]
[Source "ChessBase"]
[SourceDate "2019.10.17"]
[SourceVersion "1"]
[SourceVersionDate "2019.10.17"]
[SourceQuality "1"]
[WhiteTeam "Berlin Tempelhof II"]
[BlackTeam "Muenchen EPA II"]
[WhiteTeamCountry "GER"]
[BlackTeamCountry "GER"]

1. d4 Nf6 2. Bf4 g6 3. c4 d6 4. Nc3 Bg7 5. Nf3 0-0 6. h3 Nbd7 7. e3 c5 8. Be2 Nh5 9. Bh2 f5 10. Ng5 Ndf6 11. g4 Bh6 12. Nxh7 Kxh7 13. gxh5 g5 14. Qc2 cxd4 15. exd4 Kh8 16. 0-0-0 Bd7 17. Kb1 Rc8 18. Qd2 Kh7 19. f4 g4 20. hxg4 Nxg4 21. Bg3 Nf6 22. Bh4 e6 23. Bg5 Bg7 24. Rdg1 Rg8 25. Qe1 Qb6 26. Qd2 Ne8 27. Rd1 Nf6 28. Rh3 Ne4 29. Nxe4 fxe4 30. Rb3 Qc7 31. Qb4 b5 32. c5 dxc5 33. dxc5 Bc6 34. Bg4 a5 35. Qd2 a4 36. Re3 Bd5 37. Rc1 Qa7 38. c6 Bd4 39. Rg3 b4 40. f5 a3 41. b3 e3 42. Bxe3 Be4+ 43. Rc2 Bxc2+ 44. Qxc2 Bxe3 45. fxe6+ Kh8 46. Rf3 Rxg4 47. Qf5 Rg1+ 48. Rf1 Rxf1+ 0-1

[Event "Berlin-ch QT"]
[Site "Berlin"]
[Date "2017.04.13"]
[Round "5"]
[White "Glienke, Michael"]
[Black "Krueger, Robin Kevin"]
[Result "0-1"]
[WhiteElo "1787"]
[BlackElo "1875"]
[PlyCount "112"]
[EventDate "2017.04.09"]
[EventType "swiss"]
[EventRounds "9"]
[EventCountry "GER"]
[SourceTitle "CBM 189 Extra"]
[Source "ChessBase"]
[SourceDate "2019.06.03"]
[SourceVersion "1"]
[SourceVersionDate "2019.06.03"]
[SourceQuality "1"]

1. d4 d5 2. Nf3 c5 3. c3 Nf6 4. Bf4 e6 5. e3 Nc6 6. Be2 Bd6 7. Bg3 0-0 8. Nbd2 b6 9. Qc2 Bb7 10. Ne5 Rc8 11. Ndf3 Qc7 12. Nxc6 Bxc6 13. Bxd6 Qxd6 14. 0-0 c4 15. Ne5 b5 16. Rfd1 Rb8 17. b4 Be8 18. h3 Ra8 19. Bf3 a5 20. a3 Bc6 21. Re1 Ra6 22. Ra2 Rfa8 23. Rea1 Be8 24. Qb1 Qb8 25. Qc2 Qa7 26. Qb1 Qe7 27. Qc1 R8a7 28. Qb1 Qd6 29. Qc2 Qb8 30. Qb1 Qa8 31. Qb2 Kf8 32. Qb1 g6 33. h4 Kg7 34. Kf1 Qd8 35. g3 Qd6 36. Kg2 Ng8 37. e4 Nf6 38. Nxc4 dxc4 39. e5 Qd8 40. exf6+ Qxf6 41. Qc2 Qd8 42. Qe2 Qd6 43. h5 Bc6 44. hxg6 hxg6 45. Bxc6 Qxc6+ 46. Qf3 Qxf3+ 47. Kxf3 axb4 48. cxb4 Kf6 49. Ke4 Ke7 50. d5 Kd6 51. dxe6 Kxe6 52. a4 Rxa4 53. Rxa4 Rxa4 54. Rb1 Ra3 55. Kd4 Kd6 56. Rb2 f5 0-1

[Event "Berlin-ch QT"]
[Site "Berlin"]
[Date "2017.04.10"]
[Round "2"]
[White "Shapiro, Yosip"]
[Black "Glienke, Michael"]
[Result "1/2-1/2"]
[WhiteElo "2102"]
[BlackElo "1787"]
[PlyCount "108"]
[EventDate "2017.04.09"]
[EventType "swiss"]
[EventRounds "9"]
[EventCountry "GER"]
[SourceTitle "CBM 189 Extra"]
[Source "ChessBase"]
[SourceDate "2019.06.03"]
[SourceVersion "1"]
[SourceVersionDate "2019.06.03"]
[SourceQuality "1"]

1. Nf3 c5 2. g3 e6 3. Bg2 d5 4. 0-0 Nf6 5. e3 Be7 6. b3 Nc6 7. Bb2 0-0 8. d3 Bd7 9. Nbd2 Qc7 10. c4 Rfd8 11. cxd5 exd5 12. Rc1 Qa5 13. a3 Qa6 14. d4 cxd4 15. exd4 Bf5 16. b4 Rac8 17. Re1 Bf8 18. Nb3 b6 19. Nh4 Bg4 20. f3 Bd7 21. Bf1 Qb7 22. Bd3 Ne7 23. Qe2 Rxc1 24. Bxc1 Qc6 25. Bf4 Qc3 26. Rb1 Re8 27. Bd2 Qc8 28. Rc1 Qd8 29. Qf1 Ng6 30. Nxg6 hxg6 31. Bf4 Nh5 32. Bd2 Qf6 33. Qf2 Bd6 34. Be3 Ba4 35. Nd2 Qe6 36. Nf1 Rc8 37. Qd2 Qh3 38. g4 Rxc1 39. Qxc1 Nf6 40. Be2 Bd7 41. Bf4 Ne8 42. Bxd6 Nxd6 43. Qc7 Bb5 44. Bxb5 Nxb5 45. Qd8+ Kh7 46. Qxd5 Nc3 47. Qxf7 Ne2+ 48. Kf2 Nxd4 49. Qd5 Qh4+ 50. Kg2 Qf6 51. Qe4 Nb5 52. Qd3 Qb2+ 53. Kg3 Nxa3 54. h4 Qb1 1/2-1/2

[Event "Berlin Lichtenberger op 15th"]
[Site "Berlin"]
[Date "2016.08.20"]
[Round "8"]
[White "Bauder, Herbert"]
[Black "Glienke, Michael"]
[Result "1-0"]
[WhiteElo "1924"]
[BlackElo "1779"]
[PlyCount "57"]
[EventDate "2016.08.13"]
[EventType "swiss"]
[EventRounds "9"]
[EventCountry "GER"]
[SourceTitle "CBM 173 Extra"]
[Source "ChessBase"]
[SourceDate "2016.08.29"]
[SourceVersion "1"]
[SourceVersionDate "2016.08.29"]
[SourceQuality "1"]

1. d4 f5 2. Nf3 e6 3. c4 Nf6 4. Nc3 Be7 5. g3 c6 6. Bg2 d5 7. 0-0 0-0 8. b3 Nbd7 9. Ng5 Nb8 10. Nf3 Nbd7 11. Bb2 dxc4 12. bxc4 Nb6 13. Qb3 Kh8 14. Rfd1 Qe8 15. a4 f4 16. a5 Nbd7 17. gxf4 Nh5 18. e3 Qg6 19. Ne2 Qg4 20. h3 Qg6 21. Qd3 Qh6 22. Nh2 Ndf6 23. Ng4 Qg6 24. Qxg6 hxg6 25. Ne5 Kh7 26. Ba3 Re8 27. a6 Nd7 28. axb7 Bxb7 29. Nxd7 1-0

[Event "Berlin Lichtenberger op 15th"]
[Site "Berlin"]
[Date "2016.08.17"]
[Round "5"]
[White "Glienke, Michael"]
[Black "Willich, Manfred"]
[Result "1/2-1/2"]
[WhiteElo "1779"]
[BlackElo "1969"]
[PlyCount "94"]
[EventDate "2016.08.13"]
[EventType "swiss"]
[EventRounds "9"]
[EventCountry "GER"]
[SourceTitle "CBM 173 Extra"]
[Source "ChessBase"]
[SourceDate "2016.08.29"]
[SourceVersion "1"]
[SourceVersionDate "2016.08.29"]
[SourceQuality "1"]

1. d4 Nf6 2. Bf4 b6 3. c4 Bb7 4. e3 e6 5. Nf3 Be7 6. h3 0-0 7. Be2 d6 8. 0-0 Nbd7 9. Nc3 Re8 10. b4 Bf8 11. Qb3 e5 12. dxe5 dxe5 13. Bh2 Qe7 14. a3 c5 15. b5 Rad8 16. Rfd1 e4 17. Nh4 Qe6 18. g4 Ne5 19. a4 g6 20. a5 Be7 21. Ng2 g5 22. axb6 axb6 23. Na4 Nf3+ 24. Bxf3 exf3 25. Ne1 h5 26. Bc7 Rxd1 27. Rxd1 Nd7 28. Qd3 Ne5 29. Qf5 Qxf5 30. gxf5 Nxc4 31. Nxb6 Nxb6 32. Bxb6 Be4 33. f6 Bf8 34. Bc7 Kh7 35. Rd7 Kg6 36. b6 Ra8 37. Kh2 Kxf6 38. h4 Ke6 39. Rd2 f6 40. hxg5 fxg5 41. Kg3 g4 42. Kh4 Be7+ 43. Kg3 Rg8 44. Nd3 h4+ 45. Kh2 Bd6+ 46. Nf4+ Bxf4+ 47. Bxf4 Bd5 1/2-1/2

[Event "Berlin Lichtenberger op 15th"]
[Site "Berlin"]
[Date "2016.08.15"]
[Round "3"]
[White "Glienke, Michael"]
[Black "Kuran, Wilfried"]
[Result "1-0"]
[WhiteElo "1779"]
[BlackElo "1885"]
[PlyCount "133"]
[EventDate "2016.08.13"]
[EventType "swiss"]
[EventRounds "9"]
[EventCountry "GER"]
[SourceTitle "CBM 173 Extra"]
[Source "ChessBase"]
[SourceDate "2016.08.29"]
[SourceVersion "1"]
[SourceVersionDate "2016.08.29"]
[SourceQuality "1"]

1. d4 d5 2. Bf4 Nf6 3. c4 c6 4. e3 Bf5 5. Bd3 Bxd3 6. Qxd3 Nbd7 7. Nf3 dxc4 8. Qxc4 Nb6 9. Qc2 e6 10. 0-0 Be7 11. Nc3 0-0 12. h3 Nfd5 13. Bg3 Rc8 14. Ne4 Nd7 15. Nd6 Rb8 16. Nc4 Ra8 17. Rac1 N7f6 18. a3 a5 19. Rfd1 Ne8 20. Qd2 f6 21. Qe1 b5 22. Ncd2 Qd7 23. Nb3 a4 24. Nc5 Qc8 25. Qe2 Nd6 26. Nd2 Nb6 27. Bxd6 Bxd6 28. Rc2 Qe8 29. Rdc1 Rc8 30. Nb7 Bb8 31. Na5 e5 32. Nxc6 exd4 33. Nxd4 Qe5 34. N2f3 Rxc2 35. Rxc2 Qe4 36. Qxb5 Qb7 37. Rc6 Ba7 38. Ne6 Rc8 39. Nfd4 Rxc6 40. Qxc6 Qc8 41. Nc5 Qd8 42. Qe6+ Kf8 43. Nc6 Qc7 44. Na6 Qb7 45. Qd6+ Kg8 46. Nc5 Qf7 47. Qd8+ Qf8 48. Ne7+ Kf7 49. Qxf8+ Kxf8 50. Nc6 Nc8 51. Nxa7 Nxa7 52. Nxa4 Nb5 53. Kf1 Ke7 54. Ke2 Kd6 55. Kd3 Kc6 56. Nc3 Nd6 57. b4 f5 58. f3 g6 59. e4 f4 60. a4 g5 61. Kd4 Nf7 62. Nd5 Kd6 63. b5 Ne5 64. a5 h5 65. a6 g4 66. hxg4 hxg4 67. fxg4 1-0

[Event "Berlin-ch QT"]
[Site "Berlin"]
[Date "2016.03.29"]
[Round "4"]
[White "Huels, Marco"]
[Black "Glienke, Michael"]
[Result "1-0"]
[WhiteElo "1999"]
[BlackElo "1737"]
[PlyCount "49"]
[EventDate "2016.03.26"]
[EventType "swiss"]
[EventRounds "9"]
[EventCountry "GER"]
[SourceTitle "EXT 2022"]
[Source "ChessBase"]
[SourceDate "2021.10.06"]
[SourceVersion "1"]
[SourceVersionDate "2021.10.06"]
[SourceQuality "1"]

1. e4 c5 2. c3 e6 3. d4 cxd4 4. cxd4 Bb4+ 5. Nc3 Ne7 6. Bd3 Nbc6 7. Nge2 0-0 8. 0-0 f5 9. e5 a6 10. f4 d5 11. Be3 Ng6 12. a3 Be7 13. b4 b5 14. Nc1 Re8 15. Nb3 Bf8 16. Rf3 Nge7 17. Rh3 g6 18. Qe1 Bd7 19. Qh4 h6 20. g4 Nc8 21. Qg3 Qe7 22. gxf5 exf5 23. Nxd5 Qf7 24. Nf6+ Kh8 25. d5 1-0

[Event "Berlin Lichtenrade op 11th"]
[Site "Berlin"]
[Date "2015.10.24"]
[Round "1"]
[White "Bruedigam, Martin"]
[Black "Glienke, Michael"]
[Result "1-0"]
[WhiteElo "2375"]
[BlackElo "1755"]
[PlyCount "51"]
[EventDate "2015.10.24"]
[EventType "swiss"]
[EventRounds "9"]
[EventCountry "GER"]
[SourceTitle "CBM 169 Extra"]
[Source "ChessBase"]
[SourceDate "2015.12.18"]
[SourceVersion "1"]
[SourceVersionDate "2015.12.18"]
[SourceQuality "1"]

1. e4 c5 2. Nf3 Nc6 3. Bb5 g6 4. Bxc6 dxc6 5. d3 Bg7 6. h3 Nf6 7. Nc3 0-0 8. Be3 Qc7 9. Bxc5 b6 10. Bd4 Rd8 11. Be5 Qb7 12. Qe2 Bd7 13. 0-0 Rac8 14. Qe3 Be8 15. a4 c5 16. b3 a6 17. Rfd1 b5 18. axb5 axb5 19. Ra2 Rd7 20. Rda1 Nh5 21. Bxg7 Nxg7 22. Ra5 Rd6 23. Ra7 Qb8 24. Nd5 Kf8 25. Qh6 e6 26. Qxh7 1-0

[Event "Berlin Kreuzberg op"]
[Site "Berlin"]
[Date "2015.07.11"]
[Round "1"]
[White "Federau, Juergen"]
[Black "Glienke, Michael"]
[Result "1-0"]
[WhiteElo "2147"]
[BlackElo "1765"]
[PlyCount "41"]
[EventDate "2015.07.11"]
[EventType "swiss"]
[EventRounds "9"]
[EventCountry "GER"]
[SourceTitle "CBM 167 Extra"]
[Source "ChessBase"]
[SourceDate "2015.09.14"]
[SourceVersion "1"]
[SourceVersionDate "2015.09.14"]
[SourceQuality "1"]

1. d4 Nf6 2. c4 g6 3. g3 d5 4. cxd5 Nxd5 5. Bg2 Bg7 6. e4 Nb6 7. Ne2 0-0 8. 0-0 Nc6 9. d5 Ne5 10. f4 Nec4 11. Nbc3 Qd6 12. e5 Qc5+ 13. Qd4 Qxd4+ 14. Nxd4 a6 15. b3 Na5 16. Ba3 Nd7 17. Bxe7 Re8 18. Bb4 b6 19. Bxa5 bxa5 20. d6 Rb8 21. dxc7 1-0

[Event "Porto Mannu op"]
[Site "Porto Mannu"]
[Date "2009.05.19"]
[Round "4"]
[White "Glienke, Michael"]
[Black "Caglio, Luigi"]
[Result "1-0"]
[WhiteElo "1734"]
[BlackElo "1961"]
[PlyCount "45"]
[EventDate "2009.05.16"]
[EventType "swiss"]
[EventRounds "9"]
[EventCountry "ITA"]
[SourceTitle "CBM 130 Extra"]
[Source "ChessBase"]
[SourceDate "2009.07.02"]
[SourceVersion "2"]
[SourceVersionDate "2009.07.15"]
[SourceQuality "1"]

1. e4 e5 2. Nf3 Nc6 3. d4 exd4 4. Nxd4 Bc5 5. Nxc6 Qf6 6. Qf3 dxc6 7. Bc4 Qg6 8. Nd2 Nf6 9. 0-0 Bg4 10. Qc3 0-0 11. e5 Nd7 12. Kh1 Rfe8 13. f4 Bb6 14. Nf3 Nc5 15. Ng5 Ne4 16. Nxe4 Qxe4 17. Bd3 Qd4 18. Qe1 Be6 19. Bd2 Qxb2 20. a4 Qd4 21. a5 Bc5 22. Bc3 Qe3 23. Qh4 1-0

[Event "Porto Mannu op"]
[Site "Porto Mannu"]
[Date "2009.05.16"]
[Round "1"]
[White "Jussupow, Artur"]
[Black "Glienke, Michael"]
[Result "1-0"]
[WhiteElo "2576"]
[BlackElo "1734"]
[PlyCount "61"]
[EventDate "2009.05.16"]
[EventType "swiss"]
[EventRounds "9"]
[EventCountry "ITA"]
[SourceTitle "CBM 130 Extra"]
[Source "ChessBase"]
[SourceDate "2009.07.02"]
[SourceVersion "2"]
[SourceVersionDate "2009.07.15"]
[SourceQuality "1"]

1. d4 d5 2. c4 e6 3. Nc3 Be7 4. Nf3 Nf6 5. Bg5 0-0 6. Rc1 Nbd7 7. e3 c6 8. Bd3 dxc4 9. Bxc4 Nd5 10. Bxe7 Qxe7 11. Ne4 N5f6 12. Ng3 c5 13. 0-0 b6 14. e4 Rd8 15. e5 Ng4 16. h3 Nh6 17. d5 exd5 18. Qxd5 Rb8 19. e6 Bb7 20. Qg5 Qxg5 21. Nxg5 Ne5 22. Bb3 c4 23. exf7+ Kh8 24. Bxc4 Nxc4 25. Rxc4 Ba6 26. Rc7 Bxf1 27. Kxf1 Rbc8 28. Rxa7 Rc2 29. Kg1 Rdc8 30. Ne6 Nxf7 31. Rxf7 1-0